01565 a2200193 45000010006000000050017000060080041000230030015000640400040000790800221001192450093003400200018004332640065004513000017005165050607005331000016011407000023011568560192011791352120260407155443.0260407a1991 arg spa dAR-UNSa-BCEJYS aAR-UNSa-BCEJYSbspacAR-UNSa-BCEJYS a912xPresentación de una región de forma distinta a la literaria o textual. Dibujos, fotografías, grabados, diagramas, perfiles, mapas, cartogramas, atlas, globos (como expresiones de conocimiento geográfico)10aAntiguedades de la región andina de la República Argentina y del desierto de Atacama a950-721-019-9 1aSan Salvador de Jujuy :bUniversidad Nacional de Jujuyc1991 a2 v.c26 cm. aVolumen 1: 1. Mapa étnico de la región andina de América del Sur entre los 22º y 33º de la latitud sur, en el siglo XVI - 2. Antigüedades de la región diaguita llamada"región calchaqui"- 3. Lapaya (valle calchaquí) - 4. Valle de Lerma - 5. Quebrada del Toro - Volumen 2:1. La puna y sus habitantes actuales - 2. Fabricación de alfarería moderna - 3. Folklore de la Puna - 4. Arqueología de la Puna de Jujuy, del desierto de Atacama y de la Quebrada de Humahuaca - 5. Región extra-andina de la provincia de Jujuy - 6. Análisis químico de objetos prehispánicos de metal. 1 aBoman, Eric1 aGomez Rubio, Delia41uhttps://biblioeco.unsa.edu.ar/pmb/images/libros/Antiguedades de la regi?n andina de la Rep?blica Argentina y del desierto de Atacama Boman, Eric (1991).jpgyImagen de portadaqimage/jpeg